Código de Normas y Procedimientos Tributarios (Registro nro. 880)
[ vista simple ]
| 000 -Cabecera | |
|---|---|
| Campo de control de longitud fija | 00763aam a2200265 4500 |
| 005 - Fecha y hora de la última transacción | |
| Campo de control | 20231110160440.0 |
| 008 - Elementos de longitud fija--Información general | |
| Campo de control de longitud fija | 150227b xxu||||| |||| 00| 0 eng d |
| 020 ## - International Standard Book Number | |
| Número Internacional Estándar del Libro (ISBN) | 9789977130353 |
| 041 ## - Idioma | |
| Código de idioma | Español |
| 082 ## - Clasificación Decimal Dewey | |
| Número de clasificación | 343.04 C8374c |
| 100 ## - Entrada principal--Autor personal | |
| Nombre personal | Costa Rica. Leyes, decretos, etc |
| 245 ## - Título propiamente dicho | |
| Título | Código de Normas y Procedimientos Tributarios |
| 260 ## - Pie de imprenta | |
| Lugar de publicación, distribución, etc. | Costa Rica |
| 260 ## - Pie de imprenta | |
| Nombre del editor, distribuidor, etc. | IJSA |
| 260 ## - Pie de imprenta | |
| Fecha de publicación, distribución, etc. | 2013 |
| 300 ## - Descripción física | |
| Extensión | 192 páginas |
| 500 ## - Nota general | |
| Nota general | REGLAMENTOS SOBRE CRITERIOS OBJETIVOS DE SELECCIÓN DE CONSTRIBUYENTES PARA FISCALIZACIÓN |
| 650 ## - Materia general | |
| Temática (materia general) | COSTA RICA |
| 650 ## - Materia general | |
| Temática (materia general) | DERECHO FISCAL |
| 650 ## - Materia general | |
| Temática (materia general) | LEGISLACIÓN |
| 650 ## - Materia general | |
| Temática (materia general) | IMPUESTOS |
| 650 ## - Materia general | |
| Temática (materia general) | LEY DE JUSTICIA TRIBUTARIA |
| 650 ## - Materia general | |
| Temática (materia general) | CÓDIGO TRIBUTARIO |
| 942 ## - Punto de acceso adicional KOHA | |
| Tipo de ítem KOHA | Libro |
| Fuente del sistema de clasificación o colocación | Dewey Decimal Classification |
| Signatura completa | Código de barras | Tipo de ítem |
|---|---|---|
| 343.04 C8374c | 17327 | Libro |
| 343.04 C8374c | 17328 | Libro |
| 343.04 C8374c | 17329 | Libro |
| 343.04 C8374c | 17330 | Libro |
| 343.04 C8374c | 17331 | Libro |
| 343.04 C8374c | 17332 | Libro |
| 343.04 C8374c | 17333 | Libro |
| 343.04 C8374c | 17334 | Libro |
| 343.04 C8374c | 17335 | Libro |
| 343.04 C8374c | 17336 | Libro |
| 343.04 C8374c | 17551 | Libro |
| 343.04 C8374c | 17552 | Libro |
| 343.04 C8374c | 17553 | Libro |
| 343.04 C8374c | 17554 | Libro |
| 343.04 C8374c | 17555 | Libro |
| 343.04 C8374c | 17556 | Libro |
| 343.04 C8374c | 17557 | Libro |
| 343.04 C8374c | 18053 | Libro |
| 343.04 C8374c | 18054 | Libro |
| 343.04 C8374c | 18055 | Libro |
| 343.04 C8374c | 18056 | Libro |
| 343.04 C8374c | 18057 | Libro |
| 343.04 C8374c | 18058 | Libro |